| 000 | 00848nam a2200253Ia 4500 | ||
|---|---|---|---|
| 003 | OSt | ||
| 005 | 20220918193012.0 | ||
| 006 | a|||||r|||| 00| 0 | ||
| 007 | ta | ||
| 008 | 220917b |||||||| |||| 00| 0 eng d | ||
| 024 | _a71,460 | ||
| 037 | _cTextual | ||
| 040 |
_aARTS _cARTS _beng |
||
| 041 |
_2eng _aeng |
||
| 082 | _aR3xM891p1, N77, L8 | ||
| 110 |
_aInternational Wittgenstein Symposium (Kirohberg, 1977) _980826 |
||
| 245 | 0 | _aProceedings Wittgenstein and his impact on contemporary thought ed Elisabeth Leinfettner etc | |
| 260 |
_aVienna _bHolder Pichler Tempsky _c1978 |
||
| 300 |
_a550p. _ccm. |
||
| 490 | _aSchriflinreihe Der Wittgenstein Gesellschaft | ||
| 700 |
_aInternational Wittgenstein Symposium (Kirohberg, 1977) _980827 |
||
| 942 |
_hR3xM891p1, N77, L8 _cTEXL _2CC |
||
| 999 |
_c197533 _d197533 |
||